01271nam a2200229 a 450000100060000000300090000600800410001501500080005602000180006404000280008204100080011008200160011824501480013426000510028230000180033349000090035150400570036050505650041754100160098265000270099870000160102526064CO-ViMGA141112s2004 ck r 000 u spa d aNNN a9788478843268 aCO-ViMGAbspacCO-ViMGA aspa04a300.72 L38110aLa investigación acción participativa inicios y desarrollos / cKurt Lewin...[et al.] ; edición a cargo de Maria Cristina Salazar Camacho aMadrid, cEspaña : Editorial Popular, c2009 a194 p. 23 cm. aProa aIncluye referencias bibliográficas (p. 190 - 191). aLa investigación - acción y los problemas de las minorías. - - Antropología - acción. - - Cómo descolonizar las ciencias sociales. - - La ciencia y el pueblo : nuevas reflexiones. - - Campesinos y sociólogos : reflexiones sobre dos experiencias de investigación activa. - - Qué es la investigación - acción participativa. Perspectivas teóricas y metodológicas. - - Mejorando la educación mediante la investigación - acción. - - La situación actual y las perspectivas de la investigación - acción participativa en el mundo. 54.000; 1 c.14aInvestigación social1 aLewin, Kurt